La revolución traicionada (Registro nro. 67696)

Detalles MARC
000 -LEADER
campo de control de longitud fija 00847nam a2200277 i 4500
001 - NÚMERO DE CONTROL
campo de control 67696
003 - IDENTIFICADOR DE NÚMERO DE CONTROL
campo de control ES-MaACL
005 - FECHA Y HORA DE LA ÚLTIMA TRANSACCIÓN
campo de control 20230906170131.0
007 - CAMPO FIJO DE DESCRIPCIÓN FÍSICA--INFORMACIÓN GENERAL
campo de control de longitud fija t|
008 - DATOS DE LONGITUD FIJA--INFORMACIÓN GENERAL
campo de control de longitud fija 040611s2003 sp f |||| |dspa d
020 ## - NÚMERO INTERNACIONAL ESTÁNDAR DEL LIBRO
Número Internacional Estándar del Libro 84-96044-15-7
080 ## - NÚMERO DE LA CLASIFICACIÓN DECIMAL UNIVERSAL
Número de la Clasificación Decimal Universal 929 Balius, Jaime
080 ## - NÚMERO DE LA CLASIFICACIÓN DECIMAL UNIVERSAL
Número de la Clasificación Decimal Universal 329.285(460)"1936/39"
100 1# - ENTRADA PRINCIPAL--NOMBRE DE PERSONA
Nombre de persona Amorós, Miquel.
9 (RLIN) 21317
245 13 - MENCIÓN DEL TÍTULO
Título La revolución traicionada
Resto del título : la verdadera historia de Balius y los Amigos de Durruti /
Mención de responsabilidad, etc. Miquel Amorós.
250 ## - MENCION DE EDICION
Mención de edición 1ª ed.
260 ## - PUBLICACIÓN, DISTRIBUCIÓN, ETC.
Lugar de publicación, distribución, etc. Barcelona :
Nombre del editor, distribuidor, etc. Virus,
Fecha de publicación, distribución, etc. 2003.
300 ## - DESCRIPCIÓN FÍSICA
Extensión 444 p., [16] p. de lám. ;
Dimensiones 21 cm.
490 1# - MENCIÓN DE SERIE
Mención de serie Virus memoria
600 14 - PUNTO DE ACCESO ADICIONAL DE MATERIA--NOMBRE DE PERSONA
Nombre de persona Balius, Jaime.
9 (RLIN) 24945
610 24 - PUNTO DE ACCESO ADICIONAL DE MATERIA--NOMBRE DE ENTIDAD CORPORATIVA
Nombre de entidad corporativa o nombre de jurisdicción como elemento de entrada Amigos de Durruti.
9 (RLIN) 168764
650 #4 - PUNTO DE ACCESO ADICIONAL DE MATERIA--TÉRMINO DE MATERIA
Término de materia o nombre geográfico como elemento de entrada Anarquismo-
Subdivisión geográfica España-
Subdivisión cronológica 1936-1939.
9 (RLIN) 9792
830 1# - PUNTO DE ACCESO ADICIONAL DE SERIE-TÍTULO UNIFORME
Título uniforme Virus memoria
9 (RLIN) 230913
852 ## - LOCALIZACIÓN
Ubicación ES-MaACL
Número de control de estantería L-27895
Existencias
Estatus retirado Estado de pérdida Estado de daño No para préstamo Biblioteca de origen Biblioteca actual Ubicación en estantería Fecha de adquisición Fuente de adquisición Total de préstamos Signatura topográfica completa Código de barras Visto por última vez Precio de reemplazo Tipo de ítem Koha
        Biblioteca del Ateneo de Madrid Biblioteca del Ateneo de Madrid Depósito 2 17/01/2008     L-27895 1070877 23/02/2023 23/02/2023 Libro impreso